| 000 | 00325 a2200097 4500 | ||
|---|---|---|---|
| 020 | _a9271200616 | ||
| 920 | _a92-71-20061-6 | ||
| 245 | 0 |
_aITU Statistical Yearbook : _bChronogical Series 1986-1993 / _c. _n1 t. |
|
| 710 | 2 |
_aInternational Telecommunication Union. _eWydawca _4pbl |
|
| 260 |
_aGeneva : _bITU, _c1995. |
||
| 300 |
_aVf, Ve, Vs, 295 s.; _c30 cm. |
||
| 999 |
_c760 _d760 |
||